Language Quiz

Random Language Quiz

Begins and Ends with 'C' - One/Two Quiz Stats

 Plays Quiz not verified by Sporcle

Challenge
Share
Tweet
Embed
Score 0/20 Timer 04:00
0 Plays Today
% Correct
Cystic
88.9%
Croc
82.7%
Czech Republic
77.8%
Citric
76.5%
Car-mechanic
75.3%
Cognac
71.6%
Colonic
60.5%
Chirac
59.3%
Concentric
56.8%
Compact disc
48.1%
% Correct
Classical music
44.4%
Cult classic
40.7%
Characteristic
32.1%
Celeriac
28.4%
Cryogenic
17.3%
Communist Bloc
17.3%
Curtain fabric
17.3%
Cathay Pacific
17.3%
Children's picnic
16%
Church relic
7.9%

You're not logged in!

Compare scores with friends on all Sporcle quizzes.
OR
Log In

You Might Also Like...

Show Comments

Extras

Created Jul 24, 2012SourceReportNominate
Tags:end

Top Quizzes Today


Score Distribution

Your Account Isn't Verified!

In order to create a playlist on Sporcle, you need to verify the email address you used during registration. Go to your Sporcle Settings to finish the process.

Report this User

Report this user for behavior that violates our Community Guidelines.

Details: